[Event "TCh-FRA Top 12 2018"]
[Site "Brest FRA"]
[Date "2018.05.26"]
[Round "1.6"]
[Board "5"]
[White "Shchekachev, Andrei"]
[Black "Rodshtein, Maxim"]
[Result "0-1"]
[WhiteTitle "GM"]
[BlackTitle "GM"]
[WhiteElo "2540"]
[BlackElo "2678"]
[WhiteTeam "Tremblay en France"]
[BlackTeam "BISCHWILLER"]
[WhiteFideId "4107730"]
[BlackFideId "2806851"]
[EventDate "2018.05.26"]

1. Nf3 Nf6 2. c4 e6 3. Nc3 Bb4 4. Qc2 c5 5. a3 Ba5 6. g3 O-O 7. Bg2 Nc6 8. O-O
d6 9. e3 e5 10. Nd5 h6 11. Rb1 Nxd5 12. cxd5 Ne7 13. b4 cxb4 14. axb4 Bb6 15.
Qb3 Bg4 16. d3 f5 17. Nd2 f4 18. Nc4 f3 19. Bh1 Kh8 20. e4 Bd4 21. b5 Ng6 22.
Be3 Nf4 23. gxf4 Rxf4 24. Bxf4 exf4 25. Nd2 Qg5 26. h4 Qxh4 27. Bxf3 Bxf3 28.
Nxf3 Qg3+ 29. Kh1 Qxf3+ 0-1

[Event "TCh-FRA Top 12 2018"]
[Site "Brest FRA"]
[Date "2018.05.26"]
[Round "1.6"]
[Board "6"]
[White "Maze, Sebastien"]
[Black "Abergel, Thal"]
[Result "1-0"]
[WhiteTitle "GM"]
[BlackTitle "GM"]
[WhiteElo "2615"]
[BlackElo "2429"]
[WhiteTeam "BISCHWILLER"]
[BlackTeam "Tremblay en France"]
[WhiteFideId "613762"]
[BlackFideId "614890"]
[EventDate "2018.05.26"]

1. e4 c5 2. Nf3 d6 3. Bb5+ Nd7 4. c3 Nf6 5. Qe2 a6 6. Ba4 b5 7. Bc2 Bb7 8. a4 e6
9. d4 Be7 10. Nbd2 cxd4 11. cxd4 Qc7 12. Bd3 bxa4 13. O-O Nb6 14. b3 axb3 15.
Nxb3 d5 16. e5 Nfd7 17. Na5 Nc4 18. Nxb7 Qxb7 19. Ng5 h6 20. Nxf7 Kxf7 21. Qf3+
Ke8 22. Bxc4 Qb4 23. Qh5+ Kf8 24. Bxd5 Qxd4 25. Bxe6 Nxe5 26. Ra5 1-0

[Event "TCh-FRA Top 12 2018"]
[Site "Brest FRA"]
[Date "2018.05.26"]
[Round "1.6"]
[Board "7"]
[White "Bellahcene, Bilel"]
[Black "Le Roux, Jean-Pierre"]
[Result "1-0"]
[WhiteTitle "GM"]
[BlackTitle "GM"]
[WhiteElo "2488"]
[BlackElo "2557"]
[WhiteTeam "Tremblay en France"]
[BlackTeam "BISCHWILLER"]
[WhiteFideId "696358"]
[BlackFideId "609404"]
[EventDate "2018.05.26"]

1. e4 e5 2. Nf3 Nc6 3. Bb5 g6 4. c3 a6 5. Ba4 d6 6. d4 Bd7 7. Bg5 f6 8. Be3 Nh6
9. O-O Bg7 10. dxe5 dxe5 11. Nbd2 Nf7 12. Bb3 Qe7 13. Bd5 O-O 14. b4 b6 15. a4
Kh8 16. a5 bxa5 17. Bc5 Nd6 18. bxa5 Rab8 19. Ne1 Nd8 20. Nc4 Bb5 21. Nd3 N8b7
22. Nxd6 cxd6 23. Bb6 Rbc8 24. Rc1 Nc5 25. c4 Ba4 26. Qe2 Nb3 27. Rb1 Nd4 28.
Bxd4 exd4 29. Qa2 Bc6 30. Rb6 Bxd5 31. exd5 Qe4 32. Qb3 Bh6 33. Re1 Qf5 34. Rxd6
Bd2 35. Rd1 Bxa5 36. Rxa6 Bc7 37. d6 Rb8 38. Qa3 Bd8 39. c5 Qd5 40. Qa2 Qh5 41.
Qc2 Re8 42. c6 Re2 43. Qc1 1-0

[Event "TCh-FRA Top 12 2018"]
[Site "Brest FRA"]
[Date "2018.05.26"]
[Round "1.6"]
[Board "8"]
[White "Maisuradze, Nino"]
[Black "Aflalo, Sophie"]
[Result "1-0"]
[WhiteTitle "WGM"]
[WhiteElo "2172"]
[BlackElo "2104"]
[WhiteTeam "BISCHWILLER"]
[BlackTeam "Tremblay en France"]
[WhiteFideId "13601717"]
[BlackFideId "656887"]
[EventDate "2018.05.26"]

1. d4 Nf6 2. c4 g6 3. Nc3 Bg7 4. Bg5 c5 5. d5 O-O 6. Qd2 b5 7. cxb5 a6 8. e4 d6
9. Nf3 axb5 10. Bxb5 Qb6 11. O-O Na6 12. Rab1 Ra7 13. Rfe1 Nc7 14. Bd3 Ba6 15.
Bxa6 Nxa6 16. Bh6 Rb8 17. Bxg7 Kxg7 18. h3 Qa5 19. e5 Ne8 20. Re4 Rb4 21. Rbe1
Rxe4 22. Rxe4 dxe5 23. Rh4 Nf6 24. Qh6+ Kg8 25. Ng5 Qb6 26. Nxh7 Nd7 27. Ne4 g5
28. Nhf6+ 1-0

[Event "TCh-FRA Top 12 2018"]
[Site "Brest FRA"]
[Date "2018.05.27"]
[Round "2.1"]
[Board "1"]
[White "Safarli, Eltaj"]
[Black "Bacrot, Etienne"]
[Result "1/2-1/2"]
[WhiteTitle "GM"]
[BlackTitle "GM"]
[WhiteElo "2657"]
[BlackElo "2714"]
[WhiteTeam "Metz Fischer"]
[BlackTeam "BISCHWILLER"]
[WhiteFideId "13402129"]
[BlackFideId "605506"]
[EventDate "2018.05.26"]

1. e4 e5 2. Nf3 Nc6 3. Nc3 Nf6 4. Bb5 Bb4 5. O-O O-O 6. d3 d6 7. Ne2 Ne7 8. c3
Ba5 9. Ng3 c6 10. Ba4 Ng6 11. d4 Re8 12. Bc2 Bb6 13. Be3 Bg4 14. h3 Bxf3 15.
Qxf3 d5 16. Bg5 Qd6 17. Bxf6 Qxf6 18. Qxf6 gxf6 19. Nh5 Re6 20. Bb3 Ne7 21. exd5
cxd5 22. Rad1 Rd8 23. Rd3 Kf8 24. g3 1/2-1/2

[Event "TCh-FRA Top 12 2018"]
[Site "Brest FRA"]
[Date "2018.05.27"]
[Round "2.1"]
[Board "2"]
[White "Edouard, Romain"]
[Black "Balogh, Csaba"]
[Result "1-0"]
[WhiteTitle "GM"]
[BlackTitle "GM"]
[WhiteElo "2621"]
[BlackElo "2628"]
[WhiteTeam "BISCHWILLER"]
[BlackTeam "Metz Fischer"]
[WhiteFideId "633429"]
[BlackFideId "718939"]
[EventDate "2018.05.26"]

1. d4 d5 2. c4 c6 3. Nf3 Nf6 4. Nc3 dxc4 5. a4 Bf5 6. Ne5 Nbd7 7. Nxc4 Nb6 8. e3
e6 9. a5 Nxc4 10. Bxc4 b5 11. axb6 axb6 12. Rxa8 Qxa8 13. O-O Be7 14. Qe2 O-O
15. e4 Bg6 16. Bb3 b5 17. f3 Bd8 18. e5 Nd7 19. f4 Bb6 20. Be3 Qa7 21. Qf2 Re8
22. h3 h6 23. Kh2 Kh7 24. g4 f5 25. Rg1 Nf8 26. Ne2 Rd8 27. Qg2 c5 28. gxf5 exf5
29. dxc5 Bxc5 30. Bxc5 Qxc5 31. Bf7 Qxg1+ 32. Qxg1 Bxf7 33. Nd4 Ne6 34. Nxf5 Bg6
35. Nd6 Nxf4 36. Qa7 b4 37. h4 b3 38. Qb6 Rf8 39. Qxb3 h5 40. Qe3 Ne6 41. Kg3
Rb8 42. Qc3 Rf8 43. Qc4 1-0

[Event "TCh-FRA Top 12 2018"]
[Site "Brest FRA"]
[Date "2018.05.27"]
[Round "2.1"]
[Board "3"]
[White "Feller, Sebastien"]
[Black "Naiditsch, Arkadij"]
[Result "1/2-1/2"]
[WhiteTitle "GM"]
[BlackTitle "GM"]
[WhiteElo "2574"]
[BlackElo "2697"]
[WhiteTeam "Metz Fischer"]
[BlackTeam "BISCHWILLER"]
[WhiteFideId "634654"]
[BlackFideId "4650891"]
[EventDate "2018.05.26"]

1. d4 Nf6 2. c4 g6 3. Nc3 Bg7 4. e4 d6 5. Nf3 O-O 6. Be2 Nbd7 7. O-O e5 8. Be3
Ng4 9. Bg5 f6 10. Bh4 h5 11. h3 Nh6 12. Bg3 a5 13. Qd2 Nf7 14. Rad1 c6 15. Qc2
Re8 16. a3 Qe7 17. b4 axb4 18. axb4 Ng5 19. d5 Nxf3+ 20. Bxf3 c5 21. Nb5 cxb4
22. Nc7 Ra3 23. Nxe8 Qxe8 24. Ra1 Rxa1 25. Rxa1 Nc5 26. Rb1 b3 27. Rxb3 Nxb3 28.
Qxb3 Qd8 29. Be2 Qa5 30. f3 Bh6 31. Bf2 Bd2 32. c5 Be1 33. Qb5 Qxb5 34. Bxb5 Bb4
35. cxd6 Bxd6 36. Be8 Kg7 37. Bb6 h4 38. Kf1 g5 39. Ke2 Kf8 40. Bb5 1/2-1/2

[Event "TCh-FRA Top 12 2018"]
[Site "Brest FRA"]
[Date "2018.05.27"]
[Round "2.1"]
[Board "4"]
[White "Ragger, Markus"]
[Black "Todorov, Todor"]
[Result "1/2-1/2"]
[WhiteTitle "GM"]
[BlackTitle "GM"]
[WhiteElo "2672"]
[BlackElo "2477"]
[WhiteTeam "BISCHWILLER"]
[BlackTeam "Metz Fischer"]
[WhiteFideId "1610856"]
[BlackFideId "2903237"]
[EventDate "2018.05.26"]

1. d4 g6 2. e4 Bg7 3. Nf3 d6 4. Bd3 Nf6 5. c3 O-O 6. O-O Nc6 7. h3 e5 8. Re1 Qe8
9. Bg5 Nh5 10. Na3 h6 11. Be3 Qe7 12. Nc2 Qf6 13. Bf1 Kh7 14. Kh2 Re8 15. Nd2 d5
16. exd5 exd4 17. Nxd4 Nxd4 18. Bxd4 Qd6+ 19. Kg1 Bxd4 20. cxd4 Rxe1 21. Qxe1
Nf6 22. Ne4 Nxe4 23. Qxe4 Bd7 24. Rc1 Re8 25. Qc2 Qxd5 26. Bc4 Qc6 27. Qd2 Qf6
28. Rc3 Bf5 29. Qf4 c6 30. Kh2 Qe7 31. Re3 1/2-1/2

[Event "TCh-FRA Top 12 2018"]
[Site "Brest FRA"]
[Date "2018.05.27"]
[Round "2.1"]
[Board "5"]
[White "Antoniewski, Rafal"]
[Black "Maze, Sebastien"]
[Result "1/2-1/2"]
[WhiteTitle "GM"]
[BlackTitle "GM"]
[WhiteElo "2521"]
[BlackElo "2615"]
[WhiteTeam "Metz Fischer"]
[BlackTeam "BISCHWILLER"]
[WhiteFideId "1111078"]
[BlackFideId "613762"]
[EventDate "2018.05.26"]

1. Nf3 Nf6 2. g3 g6 3. b3 Bg7 4. Bb2 d6 5. d4 a5 6. Bg2 O-O 7. c4 c6 8. Nc3 Nbd7
9. O-O Re8 10. Qc2 e5 11. e3 Qc7 12. Rac1 Nf8 13. d5 Bf5 14. Qe2 h5 15. e4 Bg4 1/2-1/2

[Event "TCh-FRA Top 12 2018"]
[Site "Brest FRA"]
[Date "2018.05.27"]
[Round "2.1"]
[Board "6"]
[White "Rodshtein, Maxim"]
[Black "Koch, Jean-Rene"]
[Result "1/2-1/2"]
[WhiteTitle "GM"]
[BlackTitle "IM"]
[WhiteElo "2678"]
[BlackElo "2454"]
[WhiteTeam "BISCHWILLER"]
[BlackTeam "Metz Fischer"]
[WhiteFideId "2806851"]
[BlackFideId "600148"]
[EventDate "2018.05.26"]

1. d4 d5 2. c4 e6 3. Nc3 Bb4 4. a3 Bxc3+ 5. bxc3 Ne7 6. cxd5 exd5 7. e3 O-O 8.
c4 c5 9. dxc5 Na6 10. Nf3 Nxc5 11. Bd2 b6 12. Bb4 Ba6 13. Bxc5 bxc5 14. Qa4 Qb6
15. Bd3 dxc4 16. Bxc4 Bxc4 17. Qxc4 Qa5+ 18. Ke2 Rac8 19. Rhd1 Rc7 20. Rd6 Rc6
21. Rd7 Rc7 22. Rd6 Rc6 23. Rd3 Nc8 24. Rb1 Nb6 25. Qb5 Qxb5 26. Rxb5 Rc7 27.
Rc3 Rfc8 28. Nd2 c4 29. Ra5 Kf8 30. g4 f6 31. Ne4 Rd8 32. Rc2 Rd5 33. Rxd5 Nxd5
34. Kd2 Ke7 35. Nc3 Rd7 36. Nxd5+ Rxd5+ 37. Kc3 Rd3+ 38. Kb4 Rb3+ 39. Ka4 Kd6
40. Rxc4 Rb2 41. Rf4 Ra2 42. h4 h6 43. h5 Kc6 44. Kb3 Re2 45. Rc4+ Kb6 46. Rc2
Re1 47. Rd2 Kc6 48. Kb4 Rg1 49. Rd4 Rf1 50. Rf4 Kb6 51. a4 Rg1 52. Re4 a5+ 53.
Kc4 Kc6 54. Re6+ Kd7 55. Ra6 Rxg4+ 56. f4 g5 57. hxg6 Rxg6 58. Rxa5 Rg1 59. Kd5
Rd1+ 60. Ke4 Ke6 61. Ra6+ Kf7 62. Ra7+ Kg6 63. f5+ Kh5 64. Rf7 Rd6 65. Kf4 Ra6
66. e4 Kh4 67. Rg7 h5 68. Rg1 Kh3 69. Rh1+ Kg2 70. Rxh5 Rxa4 71. Rh6 Ra6 72. Rh8
Ra3 73. Rf8 Rf3+ 74. Kg4 Rg3+ 75. Kh5 Kf3 76. Re8 Kf4 77. Kh6 Rg1 78. Re7 Rg2
79. Rg7 Ra2 80. Kg6 Kxe4 81. Kxf6 Kf4 82. Rf7 Ra1 83. Rf8 Ra2 84. Rf7 Ra1 85.
Kg6 Rg1+ 86. Kh7 Ke5 1/2-1/2

[Event "TCh-FRA Top 12 2018"]
[Site "Brest FRA"]
[Date "2018.05.27"]
[Round "2.1"]
[Board "7"]
[White "Vitoux, Colomban"]
[Black "Pelletier, Yannick"]
[Result "0-1"]
[WhiteTitle "IM"]
[BlackTitle "GM"]
[WhiteElo "2384"]
[BlackElo "2550"]
[WhiteTeam "Metz Fischer"]
[BlackTeam "BISCHWILLER"]
[WhiteFideId "628549"]
[BlackFideId "1301837"]
[EventDate "2018.05.26"]

1. c4 Nf6 2. g3 e6 3. Bg2 d5 4. Nf3 Be7 5. O-O O-O 6. b3 c6 7. Bb2 a5 8. Nc3 b6
9. d4 Ba6 10. Nd2 Ra7 11. e4 dxc4 12. e5 Nd5 13. bxc4 Nb4 14. Nce4 Rd7 15. Qg4
Kh8 16. Rfd1 Nc2 17. d5 Nxa1 18. d6 f5 19. exf6 Bxf6 20. Nxf6 gxf6 21. Ne4 e5
22. Bxa1 Bxc4 23. Qh4 Rg7 24. Nxf6 Qxf6 25. Qxc4 Qxf2+ 26. Kh1 Qe3 27. Qd3 Qxd3
28. Rxd3 Nd7 29. Bxc6 Rf1+ 0-1

[Event "TCh-FRA Top 12 2018"]
[Site "Brest FRA"]
[Date "2018.05.27"]
[Round "2.1"]
[Board "8"]
[White "Maisuradze, Nino"]
[Black "Monpeurt, Cyrielle"]
[Result "1/2-1/2"]
[WhiteTitle "WGM"]
[BlackTitle "WFM"]
[WhiteElo "2172"]
[BlackElo "2168"]
[WhiteTeam "BISCHWILLER"]
[BlackTeam "Metz Fischer"]
[WhiteFideId "13601717"]
[BlackFideId "677400"]
[EventDate "2018.05.26"]

1. d4 Nf6 2. c4 e6 3. Nc3 c5 4. d5 exd5 5. cxd5 d6 6. e4 g6 7. f4 Bg7 8. Bb5+
Nfd7 9. Nf3 a6 10. Bd3 b5 11. O-O O-O 12. Qe1 Re8 13. Qg3 Qc7 14. f5 Ne5 15.
Nxe5 Bxe5 16. Qh4 f6 17. fxg6 hxg6 18. Rxf6 Bxf6 19. Qxf6 Qg7 20. Qxd6 Nd7 21.
Be3 c4 22. Bc2 Ne5 23. Rf1 Bg4 24. h3 Rad8 25. Qxa6 b4 26. Nb5 Be2 27. Rf2 Bd3
28. Bxd3 cxd3 29. b3 Rf8 30. Qe6+ Kh7 31. Rxf8 Rxf8 32. Nd4 Rf6 33. Qc8 Qf7 34.
Qc1 Ra6 35. Qd2 Qc7 36. Bf4 Qc3 37. Qf2 Nf7 38. Bd2 Qa1+ 39. Kh2 Kg8 40. Ne6
Qe5+ 41. Bf4 Qxe4 42. Bg3 Qxd5 43. Nc7 Qf5 44. Qd4 Rxa2 45. Nd5 Qf1 46. Qe4 Kg7
47. Be5+ Nxe5 48. Qxe5+ Kh7 49. Nf6+ Kh6 50. Ng4+ Kh7 51. Nf6+ Kh6 52. Ng4+ Kh7
53. Nf6+ 1/2-1/2

[Event "TCh-FRA Top 12 2018"]
[Site "Brest FRA"]
[Date "2018.05.27"]
[Round "2.2"]
[Board "2"]
[White "Fressinet, Laurent"]
[Black "Zhigalko, Sergei"]
[Result "1/2-1/2"]
[WhiteTitle "GM"]
[BlackTitle "GM"]
[WhiteElo "2651"]
[BlackElo "2606"]
[WhiteTeam "CLICHY Echecs 92"]
[BlackTeam "C.E. de BOIS COLOMBES"]
[WhiteFideId "608742"]
[BlackFideId "13502956"]
[EventDate "2018.05.26"]

1. Nf3 Nf6 2. c4 e6 3. g3 d5 4. d4 Bb4+ 5. Bd2 Be7 6. Bg2 O-O 7. O-O c6 8. Qc2
b6 9. Rd1 Bb7 10. b3 Nbd7 11. Nc3 Qc8 12. Bf4 Rd8 13. Rac1 Ba3 14. Rb1 Bb4 15.
Qb2 dxc4 16. bxc4 Bxc3 17. Qxc3 c5 18. dxc5 1/2-1/2

[Event "TCh-FRA Top 12 2018"]
[Site "Brest FRA"]
[Date "2018.05.27"]
[Round "2.2"]
[Board "3"]
[White "Laznicka, Viktor"]
[Black "Van Wely, Loek"]
[Result "1/2-1/2"]
[WhiteTitle "GM"]
[BlackTitle "GM"]
[WhiteElo "2671"]
[BlackElo "2667"]
[WhiteTeam "C.E. de BOIS COLOMBES"]
[BlackTeam "CLICHY Echecs 92"]
[WhiteFideId "316385"]
[BlackFideId "1000268"]
[EventDate "2018.05.26"]

1. c4 Nf6 2. Nf3 e6 3. d4 d5 4. e3 a6 5. b3 c5 6. cxd5 exd5 7. Be2 cxd4 8. Nxd4
Bd6 9. O-O Qe7 10. Nd2 Nc6 11. Bb2 O-O 12. N2f3 Ne4 13. Rc1 Nxd4 14. Nxd4 Qe5
15. f4 Qf6 16. Bd3 Qg6 17. Qe1 Bh3 18. Rf2 Rac8 19. Rfc2 Rxc2 20. Rxc2 Re8 21.
Qa5 Be6 22. Qb6 Bc8 23. Qa5 Qh5 24. Bxe4 Qd1+ 25. Kf2 dxe4 26. Qc3 Bf8 27. Rc1
Qg4 28. Qc7 h5 29. Ne2 Be7 30. h3 Qg6 31. Rd1 Bh4+ 32. Kf1 Qf5 33. Be5 Kh7 34.
Nd4 Qg6 35. Ne2 Qf5 36. Nd4 Qg6 37. Ne2 1/2-1/2

[Event "TCh-FRA Top 12 2018"]
[Site "Brest FRA"]
[Date "2018.05.27"]
[Round "2.2"]
[Board "4"]
[White "Van Foreest, Jorden"]
[Black "Vernay, Clovis"]
[Result "1-0"]
[WhiteTitle "GM"]
[BlackTitle "IM"]
[WhiteElo "2638"]
[BlackElo "2513"]
[WhiteTeam "CLICHY Echecs 92"]
[BlackTeam "C.E. de BOIS COLOMBES"]
[WhiteFideId "1039784"]
[BlackFideId "633046"]
[EventDate "2018.05.26"]

1. e4 e6 2. d4 d5 3. Nc3 Nf6 4. e5 Nfd7 5. f4 c5 6. Nf3 Nc6 7. Be3 Be7 8. Qd2
O-O 9. h4 a6 10. dxc5 Nxc5 11. O-O-O Qc7 12. Kb1 b6 13. Bd3 Nxd3 14. Qxd3 Nb4
15. Qd2 Bd7 16. Rh3 Rfc8 17. Rg3 b5 18. f5 exf5 19. a3 a5 20. Bg5 Bf8 21. Bf6 g6
22. h5 Ra6 23. hxg6 fxg6 24. Rh3 Be8 25. Ng5 1-0

[Event "TCh-FRA Top 12 2018"]
[Site "Brest FRA"]
[Date "2018.05.27"]
[Round "2.2"]
[Board "5"]
[White "Cornette, Matthieu"]
[Black "Tregubov, Pavel V."]
[Result "1/2-1/2"]
[WhiteTitle "GM"]
[BlackTitle "GM"]
[WhiteElo "2600"]
[BlackElo "2578"]
[WhiteTeam "C.E. de BOIS COLOMBES"]
[BlackTeam "CLICHY Echecs 92"]
[WhiteFideId "620084"]
[BlackFideId "4115341"]
[EventDate "2018.05.26"]

1. e4 e5 2. Nf3 Nf6 3. Nxe5 d6 4. Nf3 Nxe4 5. d4 d5 6. Bd3 Bd6 7. O-O O-O 8. c4
c6 9. Nc3 Nxc3 10. bxc3 dxc4 11. Bxc4 Bf5 12. Bg5 Qa5 13. Nh4 Be6 14. Bxe6 Qxg5
15. Nf3 Qa5 16. Bb3 Nd7 17. Qd3 Nf6 18. g3 g6 19. Rae1 Rae8 20. Kg2 Kg7 21. h4
h6 22. c4 Qd8 23. Bc2 Rxe1 24. Rxe1 Re8 25. Rb1 Qc8 26. Qc3 b6 27. Re1 1/2-1/2

[Event "TCh-FRA Top 12 2018"]
[Site "Brest FRA"]
[Date "2018.05.27"]
[Round "2.2"]
[Board "6"]
[White "Kosteniuk, Alexandra"]
[Black "Dionisi, Thomas"]
[Result "1-0"]
[WhiteTitle "GM"]
[BlackTitle "FM"]
[WhiteElo "2555"]
[BlackElo "2399"]
[WhiteTeam "CLICHY Echecs 92"]
[BlackTeam "C.E. de BOIS COLOMBES"]
[WhiteFideId "4128125"]
[BlackFideId "651893"]
[EventDate "2018.05.26"]

1. d4 f5 2. Nf3 Nf6 3. g3 g6 4. Bg2 Bg7 5. O-O O-O 6. c4 d6 7. Nc3 c6 8. b4 Qe8
9. Qb3 Kh8 10. b5 e5 11. dxe5 dxe5 12. e4 f4 13. Ba3 Rg8 14. Bd6 Nh5 15. bxc6
Nxc6 16. Nd5 Bg4 17. Qxb7 Bxf3 18. Bxf3 Nd4 19. Bg4 Nf6 20. Nxf6 Bxf6 21. c5 Rg7
22. Qd5 h5 23. Bd1 f3 24. Re1 g5 25. Re3 g4 26. Ba4 Qxa4 27. Qxa8+ Kh7 28. Qf8
Kg6 29. Qc8 Qb5 30. h3 gxh3 31. Kh1 Kh7 32. Rxf3 Nxf3 33. Qf5+ Rg6 34. Qxh5+ Kg7
35. Qxf3 Qb2 36. Rd1 1-0

[Event "TCh-FRA Top 12 2018"]
[Site "Brest FRA"]
[Date "2018.05.27"]
[Round "2.2"]
[Board "7"]
[White "Shoker, Samy"]
[Black "Barbot, Pierre1"]
[Result "1-0"]
[WhiteTitle "GM"]
[BlackTitle "IM"]
[WhiteElo "2475"]
[BlackElo "2421"]
[WhiteTeam "C.E. de BOIS COLOMBES"]
[BlackTeam "CLICHY Echecs 92"]
[WhiteFideId "627143"]
[BlackFideId "663727"]
[EventDate "2018.05.26"]

1. g3 Nf6 2. Bg2 d5 3. Nf3 g6 4. b3 Bg7 5. Bb2 O-O 6. c4 c6 7. O-O a5 8. d3 a4
9. Nbd2 Nbd7 10. Qc2 Re8 11. cxd5 cxd5 12. e4 e5 13. bxa4 Qa5 14. exd5 Nxd5 15.
Nc4 Nb4 16. Qe2 Qxa4 17. Ng5 Rf8 18. Rfc1 h6 19. Ne4 Nc6 20. Nc3 Nd4 21. Qe3 Qa7
22. Nd5 Nc6 23. Qe1 Nc5 24. Qe3 Na4 25. Ba3 Rd8 26. Rab1 Bf5 27. Rxb7 Qxb7 28.
Ne7+ Qxe7 29. Bxe7 Nxe7 30. Bxa8 Rxa8 31. Nxe5 Nd5 32. Qf3 Be6 33. d4 Nab6 34.
a3 Bf8 35. Ra1 Ra4 36. Qd3 Bf5 37. Qb5 Be6 38. Qc6 Kg7 39. h4 Bb4 40. h5 gxh5
41. Nc4 Bd7 42. Qb7 Bc8 43. Qb8 Nxc4 44. Qxc8 Ncb6 45. Qf5 Rxa3 46. Rb1 Be7 47.
Qxh5 Bf6 48. Kg2 Rd3 49. Qg4+ Bg5 50. Ra1 Nf6 51. Qf5 Rxd4 52. Qc5 Ra4 53. Rxa4
Nxa4 54. Qb4 h5 55. Qxa4 Kg6 56. Qc2+ Kg7 57. f4 Bh6 58. Qf5 Nh7 59. Qxh5 Nf8
60. Kf3 Ng6 61. Ke4 Kh7 62. f5 Nh8 63. f6 1-0

[Event "TCh-FRA Top 12 2018"]
[Site "Brest FRA"]
[Date "2018.05.27"]
[Round "2.2"]
[Board "8"]
[White "Guichard, Pauline"]
[Black "Leconte, Maria"]
[Result "1-0"]
[WhiteTitle "WGM"]
[BlackTitle "WGM"]
[WhiteElo "2303"]
[BlackElo "2208"]
[WhiteTeam "CLICHY Echecs 92"]
[BlackTeam "C.E. de BOIS COLOMBES"]
[WhiteFideId "639370"]
[BlackFideId "618446"]
[EventDate "2018.05.26"]

1. d4 Nf6 2. Bf4 c5 3. d5 b5 4. c4 Bb7 5. Nf3 d6 6. Qc2 b4 7. e4 e5 8. Bc1 g6 9.
a3 Nbd7 10. Be2 Bg7 11. O-O O-O 12. Ne1 Qe7 13. Be3 a5 14. Nd2 h6 15. Nd3 Ba6
16. f3 Rfb8 17. Ra2 Nb6 18. axb4 axb4 19. Ra5 Ne8 20. Rfa1 Nc7 21. Bf1 Qd8 22.
Nf2 Bc8 23. Nb3 Bd7 24. Qc1 Kh7 25. Ng4 Qf8 26. Bd3 h5 27. Nf2 Bh6 28. f4 Ba4
29. R5xa4 Rxa4 30. Rxa4 Nxa4 31. fxe5 Bxe3 32. Qxe3 dxe5 33. Be2 Qh6 34. Qf3 Rf8
35. Nd3 f6 36. Qh3 Qg7 37. Nbxc5 Nxc5 38. Nxc5 Qe7 39. Nb3 Na6 40. Qe3 Rc8 41.
Qb6 Nc5 42. Nxc5 f5 43. d6 Qg5 44. Ne6 Qc1+ 45. Bf1 1-0

[Event "TCh-FRA Top 12 2018"]
[Site "Brest FRA"]
[Date "2018.05.27"]
[Round "2.3"]
[Board "1"]
[White "Navara, David"]
[Black "Cornette, Deimante"]
[Result "1-0"]
[WhiteTitle "GM"]
[BlackTitle "IM"]
[WhiteElo "2727"]
[BlackElo "2461"]
[WhiteTeam "MULHOUSE Philidor"]
[BlackTeam "C.E.M.C. Monaco"]
[WhiteFideId "309095"]
[BlackFideId "12802859"]
[EventDate "2018.05.26"]

1. d4 Nf6 2. c4 e6 3. Nc3 Bb4 4. e3 O-O 5. Bd3 d5 6. a3 Bxc3+ 7. bxc3 dxc4 8.
Bxc4 c5 9. Ne2 Qc7 10. Ba2 Rd8 11. O-O b6 12. Bb2 Ba6 13. Rc1 Nc6 14. c4 Ne7 15.
Re1 Bb7 16. Ng3 Qc6 17. f3 Rac8 18. d5 exd5 19. cxd5 Nfxd5 20. Qb3 c4 21. Qxc4
Qxc4 22. Bxc4 Nf6 23. e4 Rd2 24. Ba1 Rd7 25. e5 Nfd5 26. Ne4 Nf5 27. Kf2 h5 28.
g3 Kf8 29. Bb2 Kg8 30. h3 a6 31. g4 Nfe3 32. e6 Rdc7 33. exf7+ Kf8 34. Bxd5 Rxc1
35. Bxc1 Nxd5 36. Nd6 Rc2+ 37. Kg1 1-0

[Event "TCh-FRA Top 12 2018"]
[Site "Brest FRA"]
[Date "2018.05.27"]
[Round "2.3"]
[Board "2"]
[White "Kosten, Anthony C."]
[Black "Bluebaum, Matthias"]
[Result "1/2-1/2"]
[WhiteTitle "GM"]
[BlackTitle "GM"]
[WhiteElo "2448"]
[BlackElo "2633"]
[WhiteTeam "C.E.M.C. Monaco"]
[BlackTeam "MULHOUSE Philidor"]
[WhiteFideId "400114"]
[BlackFideId "24651516"]
[EventDate "2018.05.26"]

1. e4 e6 2. d4 d5 3. Nc3 Nf6 4. Bg5 dxe4 5. Nxe4 Be7 6. Bxf6 gxf6 7. Nf3 f5 8.
Nc3 a6 9. g3 b5 10. Bg2 Bb7 11. O-O c5 12. d5 b4 13. dxe6 bxc3 14. exf7+ Kf8 15.
Qe2 cxb2 16. Rad1 Qb6 17. Rfe1 Qf6 18. c3 Be4 19. Nh4 Bxg2 20. Kxg2 Nc6 21. Qxb2
Rd8 22. Rxd8+ Nxd8 23. Qc2 Kxf7 24. Nxf5 Qc6+ 25. Kg1 Bf6 26. Qd2 Rf8 27. Qh6
Kg8 28. Re7 Nf7 29. Qh5 Bg7 30. Ra7 Qf6 31. Nxg7 Kxg7 32. Qxc5 Rd8 33. Kg2 Rd3
34. Qh5 Rxc3 35. Qg4+ Kh6 36. Qh3+ Kg6 37. Qg4+ Kh6 38. Qh3+ Kg7 39. Qg4+ 1/2-1/2

[Event "TCh-FRA Top 12 2018"]
[Site "Brest FRA"]
[Date "2018.05.27"]
[Round "2.3"]
[Board "3"]
[White "Gledura, Benjamin"]
[Black "Efimov, Igor"]
[Result "1-0"]
[WhiteTitle "GM"]
[BlackTitle "GM"]
[WhiteElo "2615"]
[BlackElo "2413"]
[WhiteTeam "MULHOUSE Philidor"]
[BlackTeam "C.E.M.C. Monaco"]
[WhiteFideId "712779"]
[BlackFideId "806404"]
[EventDate "2018.05.26"]

1. e4 c5 2. Nf3 Nc6 3. d4 cxd4 4. Nxd4 e5 5. Nb5 Nf6 6. N1c3 h6 7. Nd6+ Bxd6 8.
Qxd6 Qe7 9. Qxe7+ Kxe7 10. b3 d6 11. Ba3 a5 12. O-O-O Nb4 13. f3 Bd7 14. Kb2
Rhd8 15. Rd2 Bc6 16. Nb5 Ne8 17. Be2 Na6 18. Rhd1 Bxb5 19. Bxb5 Nac7 20. Bxe8
Nxe8 21. c4 b6 22. f4 f6 23. f5 Rac8 24. g4 Rc6 25. h4 Nc7 26. g5 hxg5 27. hxg5
b5 28. gxf6+ gxf6 29. Rh1 Kd7 30. cxb5 Rb6 31. Bc5 Rxb5 32. Bxd6 Kc8 33. Rc1 Rb7
34. Rc6 1-0